José Hernández (Record no. 112925)
[ view plain ]
| 000 -LEADER | |
|---|---|
| campo de control de longitud fija | 01011nam a2200253 i 4500 |
| 001 - NÚMERO DE CONTROL | |
| campo de control | 112925 |
| 003 - IDENTIFICADOR DE NÚMERO DE CONTROL | |
| campo de control | ES-MaACL |
| 005 - FECHA Y HORA DE LA ÚLTIMA TRANSACCIÓN | |
| campo de control | 20251004063143.0 |
| 007 - CAMPO FIJO DE DESCRIPCIÓN FÍSICA--INFORMACIÓN GENERAL | |
| campo de control de longitud fija | t| |
| 008 - DATOS DE LONGITUD FIJA--INFORMACIÓN GENERAL | |
| campo de control de longitud fija | 061121s1986 sp a c |||| |dspa d |
| 020 ## - NÚMERO INTERNACIONAL ESTÁNDAR DEL LIBRO | |
| Número Internacional Estándar del Libro | 84-505-2936-0 |
| 080 ## - NÚMERO DE LA CLASIFICACIÓN DECIMAL UNIVERSAL | |
| Número de la Clasificación Decimal Universal | 7 Hernández, José:061.43(464.1M.)"1985" |
| 100 1# - ENTRADA PRINCIPAL--NOMBRE DE PERSONA | |
| Nombre de persona | Hernández, José, |
| Fechas asociadas al nombre | 1944-2013 |
| 9 (RLIN) | 159668 |
| 245 10 - MENCIÓN DEL TÍTULO | |
| Título | José Hernández |
| Resto del título | : [catálogo de la exposición itinerante] Museo de Bellas Artes de Asturias, Oviedo [etc.], Febr-Dic, 1986 / |
| Mención de responsabilidad, etc. | José Hernández. |
| 260 ## - PUBLICACIÓN, DISTRIBUCIÓN, ETC. | |
| Lugar de publicación, distribución, etc. | Madrid : |
| Nombre del editor, distribuidor, etc. | Ministerio de Cultura, Dirección General de Bellas Artes Y Archivos, |
| Fecha de publicación, distribución, etc. | 1986. |
| 300 ## - DESCRIPCIÓN FÍSICA | |
| Extensión | 143 p. : |
| Otras características físicas | il. ; |
| Dimensiones | 28 cm. |
| 600 17 - PUNTO DE ACCESO ADICIONAL DE MATERIA--NOMBRE DE PERSONA | |
| Nombre de persona | Hernández, José, |
| Fechas asociadas al nombre | 1944-2013- |
| Subdivisión de forma | Exposiciones |
| Fuente del encabezamiento o término | |
| 9 (RLIN) | 159664 |
| 655 #7 - TERMINO DE INDIZACIÓN--GENERO/FORMA | |
| Fuente del término | tgfbne |
| 9 (RLIN) | 193628 |
| Datos o término principal de género/forma | Catálogos de exposiciones |
| 710 2# - ENTRADA AGREGADA--NOMBRE DE ENTIDAD CORPORATIVA | |
| Nombre de entidad corporativa o nombre de jurisdicción como elemento de entrada | Museo de Bellas Artes de Asturias. |
| 9 (RLIN) | 5843 |
| 710 1# - ENTRADA AGREGADA--NOMBRE DE ENTIDAD CORPORATIVA | |
| Nombre de entidad corporativa o nombre de jurisdicción como elemento de entrada | España. |
| Unidad subordinada | Dirección General de Bellas Artes y Archivos. |
| 9 (RLIN) | 3708 |
| 852 ## - LOCALIZACIÓN | |
| Ubicación | ES-MaACL |
| Número de control de estantería | L-11371 |
| 942 ## - ELEMENTOS DE ENTRADA SECUNDARIOS (KOHA) | |
| Fuente del sistema de clasificación o colocación | Clasificación decimal universal |
| Estatus retirado | Estado de pérdida | Estado de daño | No para préstamo | Biblioteca de origen | Biblioteca actual | Ubicación en estantería | Fecha de adquisición | Fuente de adquisición | Total de préstamos | Signatura topográfica completa | Código de barras | Visto por última vez | Precio de reemplazo | Tipo de ítem Koha |
|---|---|---|---|---|---|---|---|---|---|---|---|---|---|---|
| Biblioteca del Ateneo de Madrid | Biblioteca del Ateneo de Madrid | Depósito 2 | 17/01/2008 | L-11371 | 1117792 | 23/02/2023 | 23/02/2023 | Libro impreso |
